000 00429nam a2200169 i 4500
001 132900
003 ES-MaACL
005 20230906194256.0
007 t|
008 070214s1920 fr r ||||1| fre d
080 _a821.133.1-31"19"
100 1 _aRosny, J. -H.
_999792
245 1 3 _aLe félin géant /
_cJ.-H. Rosny.
260 _aParis :
_bPlon Nourrit,
_c1920.
300 _a282 p. ;
_c18 cm.
852 _aES-MaACL
_jF-2869
999 _c132900
_d132900